Remedial treatment of contaminated land. Volume IX: in-situ methods of remediation. (Record no. 93732)

MARC details
000 -LEADER
fixed length control field 00699cam a2200241 4500
008 - FIXED-LENGTH DATA ELEMENTS--GENERAL INFORMATION
fixed length control field 090401t1995 xxu||||| |||| 00| 0 eng d
020 ## - INTERNATIONAL STANDARD BOOK NUMBER
International Standard Book Number 0860174042
035 ## - SYSTEM CONTROL NUMBER
System control number (Sirsi) u56163
041 ## - LANGUAGE CODE
Language code of text/sound track or separate title eng
050 ## - LIBRARY OF CONGRESS CALL NUMBER
Classification number 333.73
110 ## - MAIN ENTRY--CORPORATE NAME
Corporate name or jurisdiction name as entry element Construction Industry Research and Information Association
9 (RLIN) 4810
245 ## - TITLE STATEMENT
Title Remedial treatment of contaminated land. Volume IX: in-situ methods of remediation.
260 ## - PUBLICATION, DISTRIBUTION, ETC.
Place of publication, distribution, etc. London
Name of publisher, distributor, etc. CIRIA
Date of publication, distribution, etc. 1995
300 ## - PHYSICAL DESCRIPTION
Extent xiv,173p. : ill. ; 30cm.
350 ## - PRICE (NR) (BK AM CF MU VM SE) [OBSOLETE]
Price 0
490 ## - SERIES STATEMENT
Series statement CIRIA Special Publication
Volume/sequential designation 109
650 ## - SUBJECT ADDED ENTRY--TOPICAL TERM
Topical term or geographic name entry element CONTAMINATED LAND
650 ## - SUBJECT ADDED ENTRY--TOPICAL TERM
Topical term or geographic name entry element CONTAMINATED SITES
650 ## - SUBJECT ADDED ENTRY--TOPICAL TERM
Topical term or geographic name entry element DECONTAMINATION
690 ## - LOCAL SUBJECT ADDED ENTRY--TOPICAL TERM (OCLC, RLIN)
Topical term or geographic name as entry element LAND
942 ## - ADDED ENTRY ELEMENTS (KOHA)
Suppress in OPAC 0
948 ## - LOCAL PROCESSING INFORMATION (OCLC); SERIES PART DESIGNATOR (RLIN)
c (OCLC) 04/03/1997
Holdings
Withdrawn status Lost status Source of classification or shelving scheme Damaged status Not for loan Home library Current library Shelving location Date acquired Total Checkouts Full call number Barcode Date last seen Date last checked out Copy number Price effective from Koha item type
    Dewey Decimal Classification     London London Folio 15/08/1995 2 F333.73 30048907 06/08/2019 18/06/2004 1 06/08/2019 Book